000 01176nam0a22002531 4500
001 rc\3043623
005 20260407010414.0
035 _a(NLR Aleph) 007183490
090 _a7465684
_c7465684
100 _a20111006d1940 |||y0rusy50 ca
101 0 _ager
_arus
_afre
102 _aRU
105 _aac z |||||
200 1 _aVIII Международный конкурс на соискание премии имени Николая Ивановича Лобачевского. (1937)
_eОтчет
210 _a[Казань]
_cКазан. физ.-мат. о-во при Казан. гос. ун-те им. В.И. Ульянова-Ленина
_d[1940]
215 _a264 с., 3 вкл. л. ил., портр.
_cил., портр.
_d22 см
300 _aТекст параллельный на рус., фр. и нем. яз.
300 _aОтчет, премированные работы и др. материалы
712 0 2 _4570
_aФизико-математическое общество
_cКазань, до 1917 г.
_9492371
_3RU\NLR\AUTH\889997565
801 0 _aRU
_bNLR
_gpsbo
801 1 _aRU
_bELAR
_2rusmarc
852 _aNLR
_j40-3/355
942 _cBOOK
980 _aNB